| 000 -LEADER |
| fixed length control field |
01092cam a2200289 i 4500 |
| 001 - CONTROL NUMBER |
| control field |
vtls002369119 |
| 003 - CONTROL NUMBER IDENTIFIER |
| control field |
NUKAT |
| 005 - DATE AND TIME OF LATEST TRANSACTION |
| control field |
20200131153443.0 |
| 008 - FIXED-LENGTH DATA ELEMENTS--GENERAL INFORMATION |
| fixed length control field |
120217s1964 xxk |000 0 eng c |
| 035 ## - SYSTEM CONTROL NUMBER |
| System control number |
xx002369119 |
| 039 #9 - LEVEL OF BIBLIOGRAPHIC CONTROL AND CODING DETAIL [OBSOLETE] |
| Level of rules in bibliographic description |
201511270014 |
| Level of effort used to assign nonsubject heading access points |
AUTHORITY |
| Level of effort used to assign subject headings |
201403121235 |
| Level of effort used to assign classification |
pski |
| Level of effort used to assign subject headings |
201303060120 |
| Level of effort used to assign classification |
VLOAD |
| Level of effort used to assign subject headings |
201303050133 |
| Level of effort used to assign classification |
VLOAD |
| 040 ## - CATALOGING SOURCE |
| Original cataloging agency |
NUKAT |
| Transcribing agency |
WA U/81ANA |
| Modifying agency |
WA U/KJD |
| -- |
WA U/81HRs |
| -- |
WA U/EBA |
| 100 1# - MAIN ENTRY--PERSONAL NAME |
| Personal name |
Budden, Kenneth George |
| Dates associated with a name |
(1915-2005). |
| 245 10 - TITLE STATEMENT |
| Title |
Lectures on magnetoionic theory / |
| Statement of responsibility, etc |
K. G. Budden. |
| 260 ## - PUBLICATION, DISTRIBUTION, ETC. (IMPRINT) |
| Place of publication, distribution, etc |
London ; |
| -- |
Glasgow : |
| Name of publisher, distributor, etc |
Blackie and Son, |
| Date of publication, distribution, etc |
cop. 1964. |
| 300 ## - PHYSICAL DESCRIPTION |
| Extent |
82 s. ; |
| Dimensions |
24 cm. |
| 336 ## - TYP ZAWARTOŚCI |
| Typ zawartosci |
Tekst |
| -- |
txt |
| -- |
rdacontent |
| 337 ## - TYP MEDIUM |
| Typ medium |
Bez urządzenia pośredniczącego |
| -- |
n |
| -- |
rdamedia |
| 338 ## - TYP NOŚNIKA |
| Typ nosnika |
Wolumin |
| -- |
nc |
| -- |
rdacarrier |
| 490 1# - SERIES STATEMENT |
| Series statement |
Documents on Modern Physics |
| 500 ## - GENERAL NOTE |
| General note |
Lectures given at Les Houches in 1962. |
| 504 ## - BIBLIOGRAPHY, ETC. NOTE |
| Bibliography, etc |
Bibliogr. s. 76-77. |
| 650 ## - SUBJECT ADDED ENTRY--TOPICAL TERM |
| Topical term or geographic name as entry element |
Fale elektromagnetyczne. |
| 650 ## - SUBJECT ADDED ENTRY--TOPICAL TERM |
| Topical term or geographic name as entry element |
Pole magnetyczne. |
| 650 ## - SUBJECT ADDED ENTRY--TOPICAL TERM |
| Topical term or geographic name as entry element |
Propagacja jonosferyczna fal radiowych. |
| 951 ## - EQUIVALENCE OR CROSS-REFERENCE-GEOGRAPHIC NAME/AREA NAME [OBSOLETE] [CAN/MARC only] |
| Geographic name |
KIEL_008 |
| 830 #0 - SERIES ADDED ENTRY--UNIFORM TITLE |
| Uniform title |
Documents on Modern Physics |
| 942 ## - ADDED ENTRY ELEMENTS (KOHA) |
| Source of classification or shelving scheme |
|
| Koha item type |
Książki |